Fr. Conceicao Rodrigues College of Engineering

Mechanicial Science (Record no. 18914)

MARC details
000 -LEADER
fixed length control field 00302nam a2200145Ia 4500
082 ## - DEWEY DECIMAL CLASSIFICATION NUMBER
Classification number 620.1
100 ## - MAIN ENTRY--PERSONAL NAME
Personal name Ayling/D.S
245 ## - TITLE STATEMENT
Title Mechanicial Science
260 ## - PUBLICATION, DISTRIBUTION, ETC.
Name of publisher, distributor, etc. Buttersworth
Place of publication, distribution, etc. London
Date of publication, distribution, etc. 1981
300 ## - PHYSICAL DESCRIPTION
Extent 90
490 ## - SERIES STATEMENT
Volume/sequential designation III
546 ## - LANGUAGE NOTE
Language note ENGLISH
654 ## - SUBJECT ADDED ENTRY--FACETED TOPICAL TERMS
Focus term Mechanicial Science
942 ## - ADDED ENTRY ELEMENTS (KOHA)
Koha item type BOOK
Holdings
Withdrawn status Lost status Damaged status Not for loan Collection Home library Current library Date acquired Total Checkouts Full call number Barcode Date last seen Price effective from Koha item type
        AFT Fr. Agnel's C.Rodrigues College of Engineering Fr. Agnel's C.Rodrigues College of Engineering 17/03/2023   620.1 AFT4105 17/03/2023 17/03/2023 BOOK